00325nam a2200121Ia 4500008004100000041000800041082001400049100002000063245004400083260003900127300003000166365000700196240624s9999 xx 000 0 und d aeng a658.8 FIN aFINANCIAL TIMES aFINANCIAL TIMES MASTERING MARKETING THE c2003aNew DelhibPearson Education aix, : 342 : p. : cm. ; 25 cRS